00454nam a2200157Ia 4500008004100000020001400041082001500055100002300070245003900093250000800132260003800140300002800178500001900206600002100225650005000246240925s9999 xx 000 0 und d a201518848 a003.85 FRA aFranklin ,Gene F. 0aDigital Control of Dynamic Systems a2nd aBoston:bAddison - Wesleyc,1990. axvi,246p.bNAfOriginal aIncludes Index aComputer Science aComputer science, information & general works